<?xml version="1.0" encoding="UTF-8"?>
<record
    xmlns:xsi="http://www.w3.org/2001/XMLSchema-instance"
    xsi:schemaLocation="http://www.loc.gov/MARC21/slim http://www.loc.gov/standards/marcxml/schema/MARC21slim.xsd"
    xmlns="http://www.loc.gov/MARC21/slim">

  <leader>02112nam0a2200421   4500</leader>
  <controlfield tag="001">RU\NLR\BIBL_A\022106361</controlfield>
  <controlfield tag="005">20240124142148.0</controlfield>
  <datafield tag="010" ind1=" " ind2=" ">
    <subfield code="a">978-5-392-38747-2</subfield>
    <subfield code="9">1000</subfield>
  </datafield>
  <datafield tag="021" ind1=" " ind2=" ">
    <subfield code="a">RU</subfield>
    <subfield code="b">&#x41A;&#x41D;-&#x41F;-23-074269</subfield>
    <subfield code="9">&#x41A;&#x41D;-&#x41F;-23-7512</subfield>
  </datafield>
  <datafield tag="035" ind1=" " ind2=" ">
    <subfield code="a">(NLR Aleph) 022106361</subfield>
  </datafield>
  <datafield tag="035" ind1=" " ind2=" ">
    <subfield code="a">(RuMoRGB)012377162</subfield>
  </datafield>
  <datafield tag="090" ind1=" " ind2=" ">
    <subfield code="a">12763097</subfield>
    <subfield code="c">12763097</subfield>
  </datafield>
  <datafield tag="100" ind1=" " ind2=" ">
    <subfield code="a">20240111d2024    u  y0rusy50      ca</subfield>
  </datafield>
  <datafield tag="101" ind1="0" ind2=" ">
    <subfield code="a">rus</subfield>
    <subfield code="d">eng</subfield>
  </datafield>
  <datafield tag="102" ind1=" " ind2=" ">
    <subfield code="a">RU</subfield>
  </datafield>
  <datafield tag="105" ind1=" " ind2=" ">
    <subfield code="a">a   j   000yy</subfield>
  </datafield>
  <datafield tag="181" ind1=" " ind2="0">
    <subfield code="a">i3</subfield>
    <subfield code="b">axxe  </subfield>
  </datafield>
  <datafield tag="182" ind1=" " ind2="0">
    <subfield code="a">n</subfield>
  </datafield>
  <datafield tag="200" ind1="1" ind2=" ">
    <subfield code="a">&#x421;&#x442;&#x440;&#x43E;&#x438;&#x442;&#x435;&#x43B;&#x44C;&#x43D;&#x430;&#x44F; &#x43C;&#x435;&#x445;&#x430;&#x43D;&#x438;&#x43A;&#x430;. &#x421;&#x442;&#x430;&#x442;&#x438;&#x447;&#x435;&#x441;&#x43A;&#x438; &#x43E;&#x43F;&#x440;&#x435;&#x434;&#x435;&#x43B;&#x438;&#x43C;&#x44B;&#x435; &#x43A;&#x43E;&#x43D;&#x441;&#x442;&#x440;&#x443;&#x43A;&#x446;&#x438;&#x438;</subfield>
    <subfield code="d">Structural engineering. Statically determinate structures</subfield>
    <subfield code="e">&#x443;&#x447;&#x435;&#x431;&#x43D;&#x43E;&#x435; &#x43F;&#x43E;&#x441;&#x43E;&#x431;&#x438;&#x435;</subfield>
    <subfield code="f">&#x42E;. &#x41D;. &#x428;&#x430;&#x433;&#x438;&#x441;&#x443;&#x43B;&#x442;&#x430;&#x43D;&#x43E;&#x432;&#x430;, &#x410;. &#x412;. &#x41F;&#x430;&#x43D;&#x444;&#x438;&#x43B;&#x43E;&#x432;</subfield>
    <subfield code="z">eng</subfield>
  </datafield>
  <datafield tag="203" ind1=" " ind2=" ">
    <subfield code="a">&#x422;&#x435;&#x43A;&#x441;&#x442;</subfield>
    <subfield code="b">&#x432;&#x438;&#x437;&#x443;&#x430;&#x43B;&#x44C;&#x43D;&#x44B;&#x439;</subfield>
    <subfield code="c">&#x43D;&#x435;&#x43F;&#x43E;&#x441;&#x440;&#x435;&#x434;&#x441;&#x442;&#x432;&#x435;&#x43D;&#x43D;&#x44B;&#x439;</subfield>
  </datafield>
  <datafield tag="210" ind1=" " ind2=" ">
    <subfield code="a">&#x41C;&#x43E;&#x441;&#x43A;&#x432;&#x430;</subfield>
    <subfield code="c">&#x41F;&#x440;&#x43E;&#x441;&#x43F;&#x435;&#x43A;&#x442;</subfield>
    <subfield code="d">2024 (&#x43F;&#x435;&#x447;. 2023)</subfield>
  </datafield>
  <datafield tag="215" ind1=" " ind2=" ">
    <subfield code="a">140 &#x441;.</subfield>
    <subfield code="c">&#x438;&#x43B;., &#x442;&#x430;&#x431;&#x43B;.</subfield>
    <subfield code="d">21</subfield>
  </datafield>
  <datafield tag="300" ind1=" " ind2=" ">
    <subfield code="a">&#x410;&#x432;&#x442;. &#x442;&#x430;&#x43A;&#x436;&#x435; &#x43D;&#x430; &#x430;&#x43D;&#x433;&#x43B;. &#x44F;&#x437;.: Y. N. Shagisultanova, A. V. Panfilov</subfield>
  </datafield>
  <datafield tag="300" ind1=" " ind2=" ">
    <subfield code="a">&#x41D;&#x430; &#x43E;&#x431;&#x43E;&#x440;&#x43E;&#x442;&#x435; &#x442;&#x438;&#x442;. &#x441;. &#x430;&#x432;&#x442;.: &#x428;&#x430;&#x433;&#x438;&#x441;&#x443;&#x43B;&#x442;&#x430;&#x43D;&#x43E;&#x432;&#x430; &#x42E;. &#x41D;., &#x43F;&#x440;&#x435;&#x43F;&#x43E;&#x434;&#x430;&#x432;&#x430;&#x442;&#x435;&#x43B;&#x44C;, &#x41F;&#x430;&#x43D;&#x444;&#x438;&#x43B;&#x43E;&#x432; &#x410;. &#x412;., &#x43A;&#x430;&#x43D;&#x434;. &#x430;&#x440;&#x445;&#x438;&#x442;&#x435;&#x43A;&#x442;&#x443;&#x440;&#x44B;, &#x434;&#x43E;&#x446;.</subfield>
  </datafield>
  <datafield tag="300" ind1=" " ind2=" ">
    <subfield code="a">&#x420;&#x435;&#x437;. &#x430;&#x43D;&#x433;&#x43B;.</subfield>
  </datafield>
  <datafield tag="320" ind1=" " ind2=" ">
    <subfield code="a">&#x411;&#x438;&#x431;&#x43B;&#x438;&#x43E;&#x433;&#x440;.: &#x441;. 138 (11 &#x43D;&#x430;&#x437;&#x432;.)</subfield>
  </datafield>
  <datafield tag="510" ind1="1" ind2=" ">
    <subfield code="6">z55790</subfield>
    <subfield code="a">Structural engineering. Statically determinate structures</subfield>
    <subfield code="z">eng</subfield>
  </datafield>
  <datafield tag="606" ind1="1" ind2=" ">
    <subfield code="a">&#x421;&#x442;&#x430;&#x442;&#x438;&#x447;&#x435;&#x441;&#x43A;&#x438; &#x43E;&#x43F;&#x440;&#x435;&#x434;&#x435;&#x43B;&#x438;&#x43C;&#x44B;&#x435; &#x43A;&#x43E;&#x43D;&#x441;&#x442;&#x440;&#x443;&#x43A;&#x446;&#x438;&#x438;</subfield>
    <subfield code="x">&#x420;&#x430;&#x441;&#x447;&#x435;&#x442;</subfield>
    <subfield code="j">&#x423;&#x447;&#x435;&#x431;&#x43D;&#x44B;&#x435; &#x438;&#x437;&#x434;&#x430;&#x43D;&#x438;&#x44F; &#x434;&#x43B;&#x44F; &#x432;&#x44B;&#x441;&#x448;&#x438;&#x445; &#x443;&#x447;&#x435;&#x431;&#x43D;&#x44B;&#x445; &#x437;&#x430;&#x432;&#x435;&#x434;&#x435;&#x43D;&#x438;&#x439;</subfield>
    <subfield code="2">nlr_sh2</subfield>
    <subfield code="3">RU\NLR\AUTH\6601552012</subfield>
  </datafield>
  <datafield tag="675" ind1=" " ind2=" ">
    <subfield code="a">624.04(075.8)</subfield>
    <subfield code="v">4</subfield>
  </datafield>
  <datafield tag="686" ind1="1" ind2=" ">
    <subfield code="a">&#x41D;112&#x44F;73-1</subfield>
  </datafield>
  <datafield tag="700" ind1=" " ind2="1">
    <subfield code="a">&#x428;&#x430;&#x433;&#x438;&#x441;&#x443;&#x43B;&#x442;&#x430;&#x43D;&#x43E;&#x432;&#x430;</subfield>
    <subfield code="b">&#x42E;. &#x41D;.</subfield>
    <subfield code="g">&#x42E;&#x43B;&#x438;&#x44F; &#x41D;&#x438;&#x43A;&#x43E;&#x43B;&#x430;&#x435;&#x432;&#x43D;&#x430;</subfield>
  </datafield>
  <datafield tag="701" ind1=" " ind2="1">
    <subfield code="a">&#x41F;&#x430;&#x43D;&#x444;&#x438;&#x43B;&#x43E;&#x432;</subfield>
    <subfield code="b">&#x410;. &#x412;.</subfield>
    <subfield code="g">&#x410;&#x43B;&#x435;&#x43A;&#x441;&#x430;&#x43D;&#x434;&#x440; &#x412;&#x430;&#x434;&#x438;&#x43C;&#x43E;&#x432;&#x438;&#x447;</subfield>
  </datafield>
  <datafield tag="790" ind1=" " ind2="1">
    <subfield code="6">z55</subfield>
    <subfield code="a">&#x160;agisultanova</subfield>
    <subfield code="b">Ju. N.</subfield>
    <subfield code="g">Julija Nikilaevna</subfield>
  </datafield>
  <datafield tag="790" ind1=" " ind2="1">
    <subfield code="6">z55</subfield>
    <subfield code="6">z55510</subfield>
    <subfield code="a">Panfilov</subfield>
    <subfield code="b">A. V.</subfield>
    <subfield code="g">Aleksandr Vadimovi&#x10D;</subfield>
  </datafield>
  <datafield tag="942" ind1=" " ind2=" ">
    <subfield code="c">BOOK</subfield>
  </datafield>
  <datafield tag="980" ind1=" " ind2=" ">
    <subfield code="a">NB</subfield>
  </datafield>
  <datafield tag="995" ind1=" " ind2=" ">
    <subfield code="5">2024-01-11</subfield>
    <subfield code="a">ad</subfield>
    <subfield code="b">NLR01</subfield>
    <subfield code="c">NLR01</subfield>
    <subfield code="e">RF81</subfield>
    <subfield code="f">1-4444538</subfield>
    <subfield code="k">2024-3/229</subfield>
    <subfield code="o">0</subfield>
    <subfield code="r">BOOK</subfield>
    <subfield code="s">20243229_</subfield>
  </datafield>
</record>
